| 000 | 00457nam a2200145 a 4500 | ||
|---|---|---|---|
| 001 | 000034538 | ||
| 005 | 20200930073744.0 | ||
| 008 | 111006s1968 xxu 000 0 spa d | ||
| 040 |
_aDO-SdBNP _bspa _cBNPHU |
||
| 082 | _axxxx | ||
| 100 | 1 |
_aBarnet, Richard J. _959974 |
|
| 245 | 1 | 0 |
_aIntervention and revolution : _bthe United States in the Third World / _cRichard J. Barnet. |
| 260 |
_aNew York : _bWorld Publisina ;, _c1968. |
||
| 300 |
_avii, 302 p. ; _c22 cm. |
||
| 999 |
_c34029 _d34029 |
||